Motti di spirito, citazioni, barzellette sul mondo gay

সংরক্ষণ করুন:
গ্রন্থ-পঞ্জীর বিবরন
প্রধান লেখক: Cellizza, Nino
বিন্যাস: গ্রন্থ
ভাষা:ইংরেজি
প্রকাশিত: Roma Malatempora 2008
ট্যাগগুলো: ট্যাগ যুক্ত করুন
কোনো ট্যাগ নেই, প্রথমজন হিসাবে ট্যাগ করুন!

MARC

LEADER 00000nam a2200000 4500
005 20240522165348.0
008 240522b |||||||| |||| 00| 0 eng d
040 |c GP 
100 |a Cellizza, Nino 
245 |a Motti di spirito, citazioni, barzellette sul mondo gay 
260 |a Roma  |b Malatempora  |c 2008 
942 |2 ddc  |c BK  |n 0 
952 |0 0  |1 0  |2 ddc  |4 0  |6 857_000000000000000_CEL  |7 1  |9 1304  |a RM  |b RM  |d 2024-05-22  |l 0  |o 857 CEL  |p 10  |r 2024-05-22 16:50:26  |w 2024-05-22  |y BK 
999 |c 1205  |d 1205